|
|
|
|
| LEADER |
00000nas1a2200000 4500 |
| 001 |
380032 |
| 005 |
20231101062637.0 |
| 035 |
|
|
|a (RuTPU)RU\TPU\prd\609
|
| 035 |
|
|
|a BOOK00000609
|
| 090 |
|
|
|a 380032
|
| 100 |
|
|
|a 20011210c k y0rusy50 ca
|
| 101 |
0 |
|
|a rus
|
| 102 |
|
|
|a RU
|
| 110 |
|
|
|a ayuz|||0uu0
|
| 200 |
1 |
|
|a Вопросы атомной науки и техники. Серия : Динамика ядерных энергетических установок
|e научно-технический сборник
|f СССР, Государственный комитет по использованию атомной энергии (ГКИАЭ) ; Центральный научно-исследовательский институт информации и технико-экономических исследований по атомной науке и технике
|
| 210 |
|
|
|a Москва
|d 1971-1977
|
| 610 |
1 |
|
|a атомная техника
|
| 610 |
1 |
|
|a атомная энергетика
|
| 610 |
1 |
|
|a ядерные установки
|
| 610 |
1 |
|
|a динамика
|
| 610 |
1 |
|
|a энергетические установки
|
| 675 |
|
|
|a 621.039
|v 3
|
| 712 |
0 |
1 |
|a СССР
|b Государственный комитет по использованию атомной энергии (ГКИАЭ)
|2 stltpush
|3 (RuTPU)RU\TPU\col\16930
|
| 712 |
0 |
2 |
|a Центральный научно-исследовательский институт информации и технико-экономических исследований по атомной науке и технике
|2 stltpush
|3 (RuTPU)RU\TPU\col\7912
|
| 801 |
|
0 |
|a RU
|b 63413507
|c 20011210
|g PSBO
|
| 801 |
|
2 |
|a RU
|b 63413507
|c 20130918
|g PSBO
|
| 942 |
|
|
|c CR
|